000 00653nam a2200253Ia 4500
001 dia_1702
003 CHAP
005 20230615125228.0
008 220117s1974 xx 000 0 und d
010 _a172247
040 _cCHAP
082 _a631.36 B7
100 _aBrooker, Donald B.
_915559
245 _aDrying Cereal Grains.
260 _aWestport, COON. AVI
_c1974
300 _a265 p.
400 _aAVI TEXTBOOK SERIES.
500 _aDonación.
650 _aCereales
_x deshidratación.
_921408
901 _a631.36 B7
902 _aM
905 _a0000001974 -USA 0000000000ENG00
942 _cLIBRO
_2ddc
999 _c172247
_d172247